Spirituality and Well-Being (Record no. 14357)

MARC details
000 -LEADER
fixed length control field 00557nam a2200229 a 4500
020 ## - INTERNATIONAL STANDARD BOOK NUMBER
ISBN 8180696111
082 00 - DEWEY DECIMAL CLASSIFICATION NUMBER
Classification number 248
Author Cutter TAN
100 ## - MAIN ENTRY--AUTHOR NAME
Author name Tanner, R E S
245 ## - TITLE STATEMENT
Title Spirituality and Well-Being
260 ## - PUBLICATION, DISTRIBUTION, ETC. (IMPRINT)
Place of publication New Delhi
Name of publisher Concept Pub Co
Year of publication 2009
300 ## - PHYSICAL DESCRIPTION
Number of Pages 348p
500 ## - GENERAL NOTE
General note includes index and biblioraphy
650 ## - SUBJECT ADDED ENTRY--TOPICAL TERM
Topical Term Spirituality
942 ## - ADDED ENTRY ELEMENTS (KOHA)
Koha item type Books
700 1# -
-- Tanner, R E S
Holdings
Collection code Home library Current library Date acquired Cost, normal purchase price Full call number Accession Number Koha item type
  Henry Martyn Institute Library Henry Martyn Institute Library 01/05/2010 950.00 248 TAN 022969 Books
                   Copyright © 2026 | Henry Martyn Institute | Hyderabad | TS-500052 | INDIA | Implemented by hmi.edu.in
Hit-Count:

Powered by Koha